00731nam a2200205Ia 450000500170000000800410001702000180005808200180007610000330009424501060012725000190023330000430025249000320029565000430032726400320037033600270040233700330042933800280046204000350049020220317000946.0160825s2007 ck a g 000 0 spa  a978958704501204a322.42 bM64t1 aMolano Bravo, Alfredod1944-10aTrochas y fusilesbhistorias de combatientescAlfredo Molano ; prólogo de William Ramírez Tobón a1a. edición  a210 páginas bilustraciones c23 cm  aPunto de Lecturapnarrativa142LEMBaGuerrillasxHistoria zColombia  aBogotábEl Áncorac2007 atextobtxt2rdacontent asin mediaciónbn2rdamedia avolumenbnc2rdacarrier aCO-BoRNBPbspaerdacCO-BoRNBP